| 000 | 00856nam a2200193 a 4500 | ||
|---|---|---|---|
| 005 | 20140412111312.0 | ||
| 008 | 010326s19uu xx 00 eng d | ||
| 020 | _a0-7835-1308-9 | ||
| 050 |
_aREF 170 _bC54In v.9 |
||
| 245 |
_aIn search of the missing light : _ba book about not giving up. |
||
| 260 |
_aAsia : _bTime Life Asia, _c1997. |
||
| 300 | _a29 p. ; ill. | ||
| 440 | _aA Child's First Library of Values | ||
| 500 | _aw/ casette tape | ||
| 520 | _aDan the mouse and his friends decide to hold a musical concert and Dan sets out in search of light to brigthen up the performance. His journey takes him high up a steep mountain, where a shooting star rewards him for his efforts. Through his search, Dan discovers that trying hard can have some surprising results. | ||
| 650 | _aValues | ||
| 650 | _aPersistency - Fiction | ||
| 999 |
_c104025 _d104025 |
||